000 00918nmm a2200277 a 4500
001 ocm0001062024
003 TR-IsHL
005 20201028151018.0
008 150701s1995 tu tur
007 cr cn
020 _a9789757368922
035 _a1062024
_b(N$T)
050 0 4 _aKKX4604.31929
_b.Y87 1995
090 0 4 _aKKX4604.31929
_b.Y87 1995
100 1 _aYurtcan, Erdener
245 1 0 _aCeza muhakemeleri usulü kanunu şerhi ve ilgili mevzuat 1: madde 1-146
_h[electronic resource] /
_cErdener Yurtcan
250 _a2. bs.
260 _aİstanbul :
_bErdener Yurtcan Kitaplığı,
_c1995
300 _a930 p.
650 4 _aHukuk
650 4 _aLaw
650 0 _aCeza yargılaması
_x Türkiye
650 0 _aCriminal procedure
_x Turkey
650 7 _aLAW / Criminal Law / General
_2bisacsh
856 4 0 _uhttp://search.ebscohost.com/login.aspx?direct=true&scope=site&db=e011xww&AN=1062024
999 _c10784
_d10784